NAJLEPSZE POLSKIE SERIALE Z OKRESU PRL - Statystyki

Ogólne statystyki
  • Ten quiz został rozwiązany 211 razy
  • Średni wynik to 3 z 6
Statystyki odpowiedzi
Odpowiedź % Poprawnych
CZTEREJ PANCERNI I PIES
72%
CZTERDZIESTOLATEK
58%
STAWKA WIĘKSZA NIŻ ŻYCIE
48%
ZMIENNICY
48%
JANOSIK
31%
KARIERA NIKODEMA DYZMY
4%
Nie znaleziono quizów pasujących do podanych kryteriów
Rozkład punktacji
Procent ludzi z każdym wynikiem
Percentyl według liczby udzielonych odpowiedzi
Twoja historia wyników
Nie rozwiązałeś tego quizu